000 00624cam a22002291 4500
001 sa 67004584
003 DLC
005 20260227112348.0
008 900125s1966 ii b 000 0 hino
010 _asa 67004584
035 _a(OCoLC)20958102
040 _aDLC
_cWaU
_dDLC
042 _apremarc
050 0 0 _aPK2098.S27
_bZ76
100 1 _aMiśra, Prabhāśaṅkara.
245 0 0 _aRāhula Sāṅkr̥tyāyana kā kathā sāhitya.
260 _c[1967, i.e. 1966]
300 _a280 p.
_c23 cm.
500 _aIn Hindi.
504 _aBibliography: p. [277]-280.
600 1 0 _aSāṅkr̥tyāyana, Rāhula,
_d1893-1963.
999 _c74600
_d74600